Využitie Petriho sietí v riadení výroby : Diplomová práca

Salvato in:
Dettagli Bibliografici
Autore principale: Brunaiová, Jana (Autore)
Altri autori: Lászlo, Peter (xxx)
Natura: Manoscritto Libro
Lingua:slovacco
Pubblicazione: Trnava : STU v Bratislave MtF KAIS, 1992
Soggetti:
Tags: Aggiungi Tag
Nessun Tag, puoi essere il primo ad aggiungerne!!

MARC

LEADER 00000ntm a22000003a 4500
001 stu60928
005 20160719155113.8
008 010725s1992----xo------------------slo-d
040 |a STU  |b slo 
041 0 |a slo 
044 |a xo 
100 1 |a Brunaiová, Jana  |4 aut 
245 1 |a Využitie Petriho sietí v riadení výroby :  |b Diplomová práca 
260 |a Trnava :  |b STU v Bratislave MtF KAIS,  |c 1992 
300 |a 62 s  |c výťah 
650 7 |a Petriho siete  |2 stusub 
650 7 |a Automatizované systémy riadenia výrobných procesov v strojárstve  |2 stusub 
700 1 |a Lászlo, Peter  |4 xxx 
996 |b 284M032908  |c M*DP-1416  |l MMSKP  |s P  |a 0  |w stu60928_0001